000 00303nam a22001457a 4500
003 SGT
020 _a9788129135407
082 _a820.9,LOG
100 _aLONG,WILLAM J.
245 _aENGLISH LITERATURE
260 _aNEW DELHI
_bRUPA
_c2015
300 _a639
650 _aENGLISH
942 _2ddc
_cBK
_03
999 _c18943
_d18943